00474nam a22001577a 4500003000400000082001800004100002000022245005100042260004400093300000700137650001900144653001900163942001200182952010500194999001700299SGT a617.643bE21S aSingh, Priyanka aEvaluation of the efficiency of Hematoxylin... aGurugram, HaryanabSGT Universityc2021 a80 aOral Pathology aOral Pathology 2ddccTH 00102ddc405171aFDbFDd2022-12-21l0o617.643 E21SpDT1372r2022-12-21 00:00:00w2022-12-21yTH c23593d23593